|
|
|
|
| LEADER |
04326nam a2200649 4500 |
| 001 |
ocn826127029 |
| 003 |
OCoLC |
| 005 |
20170124071826.9 |
| 006 |
m o d |
| 007 |
cr cnu|||unuuu |
| 008 |
130131s2013 gw ob 001 0 eng d |
| 040 |
|
|
|a DG1
|b eng
|e pn
|c DG1
|d N$T
|d COO
|d CDX
|d OCLCO
|d YDXCP
|d IDEBK
|d UMC
|d E7B
|d UKDOC
|d UWO
|d OCLCQ
|d EBLCP
|d DEBSZ
|d DEBBG
|d OCLCQ
|d GrThAP
|
| 019 |
|
|
|a 827207499
|a 828039237
|a 828617804
|
| 020 |
|
|
|a 9783527644353
|q (electronic bk.)
|
| 020 |
|
|
|a 3527644350
|q (electronic bk.)
|
| 020 |
|
|
|a 9783527644346
|q (electronic bk.)
|
| 020 |
|
|
|a 3527644342
|q (electronic bk.)
|
| 020 |
|
|
|a 9783527644360
|q (electronic bk.)
|
| 020 |
|
|
|a 3527644369
|q (electronic bk.)
|
| 020 |
|
|
|a 9781299157231
|q (MyiLibrary)
|
| 020 |
|
|
|a 1299157238
|q (MyiLibrary)
|
| 020 |
|
|
|a 9783527331505
|q (Cloth)
|
| 020 |
|
|
|a 3527331506
|q (Cloth)
|
| 029 |
1 |
|
|a AU@
|b 000050590857
|
| 029 |
1 |
|
|a DEBBG
|b BV041905724
|
| 029 |
1 |
|
|a DEBSZ
|b 431334005
|
| 029 |
1 |
|
|a NZ1
|b 14822112
|
| 029 |
1 |
|
|a NZ1
|b 15341925
|
| 029 |
1 |
|
|a DEBBG
|b BV043395337
|
| 035 |
|
|
|a (OCoLC)826127029
|z (OCoLC)827207499
|z (OCoLC)828039237
|z (OCoLC)828617804
|
| 037 |
|
|
|a 446973
|b MIL
|
| 050 |
|
4 |
|a TA418.9.C6
|b M63 2013
|
| 072 |
|
7 |
|a TEC
|x 021000
|2 bisacsh
|
| 072 |
|
7 |
|a TEC
|2 eflch
|
| 082 |
0 |
4 |
|a 620.1/15
|2 23
|
| 049 |
|
|
|a MAIN
|
| 245 |
0 |
0 |
|a Modeling and prediction of polymer nanocomposite properties /
|c edited by Vikas Mittal.
|
| 264 |
|
1 |
|a Weinheim :
|b Wiley-VCH,
|c [2013]
|
| 264 |
|
4 |
|c ©2013
|
| 300 |
|
|
|a 1 online resource.
|
| 336 |
|
|
|a text
|b txt
|2 rdacontent
|
| 337 |
|
|
|a computer
|b c
|2 rdamedia
|
| 338 |
|
|
|a online resource
|b cr
|2 rdacarrier
|
| 490 |
1 |
|
|a Polymer nano-, micro- & macrocomposites
|
| 505 |
0 |
|
|a Convergence of Experimental and Modeling Studies / Vikas Mittal -- Self-Consistent Field Theory Modeling of Polymer Nanocomposites / Valeriy V Ginzburg -- Modern Experimental and Theoretical Analysis Methods of Particulate-Filled Nanocomposites Structure / Georgii V Kozlov, Yurii G Yanovskii, Gennadii E Zaikov -- Reptation Model for the Dynamics and Rheology of Particle Reinforced Polymer Chains / Kalonji K Kabanemi, Jean-Francois Hetu -- Multiscale Modeling Approach for Polymeric Nanocomposites / Paola Posocco, Sabrina Pricl, Maurizio Fermeglia -- Modeling of Oxygen Permeation and Mechanical Properties of Polypropylene-Layered Silicate Nanocomposites Using DoE Designs / Vikas Mittal -- Multiscale Stochastic Finite Elements Modeling of Polymer Nanocomposites / Antonios Kontsos, Jefferson A Cuadra -- Modeling of Thermal Conductivity of Polymer Nanocomposites / Wei Lin -- Numerical-Analytical Model for Nanotube-Reinforced Nanocomposites / Antonio Pantano -- Dissipative Particles Dynamics Model for Polymer Nanocomposites / Shin-Pon Ju, Yao-Chun Wang, Wen-Jay Lee -- Computer-Aided Product Design of Wheat Straw Polypropylene Composites / Rois Fatoni, Ali Almansoori, Ali Elkamel, Leonardo Simon -- Modeling of the Chemorheological Behavior of Thermosetting Polymer Nanocomposites / Luigi Torre, Debora Puglia, Antonio Iannoni, Andrea Terenzi.
|
| 504 |
|
|
|a Includes bibliographical references and index.
|
| 588 |
0 |
|
|a Title page from PDF version (Wiley; viewed on Jan. 31, 2013).
|
| 520 |
|
|
|a This book lays the theoretical foundations and emphasizes the close connection between theory and experiment to optimize models and real-life procedures for the various stages of polymer composite development. As such, it covers quantum-mechanical approaches to understand the chemical processes on an atomistic level, molecular mechanics simulations to predict the filler surface dynamics, finite element methods to investigate the macro-mechanical behavior, and thermodynamic models to assess the temperature stability. The whole is rounded off by a look at multiscale models that can simulate properties at various length and time scales in one go -- and with predictive accuracy.
|
| 650 |
|
0 |
|a Nanocomposites (Materials)
|x Mathematical models.
|
| 650 |
|
0 |
|a Polymers.
|
| 650 |
|
7 |
|a TECHNOLOGY & ENGINEERING
|x Material Science.
|2 bisacsh
|
| 655 |
|
4 |
|a Electronic books.
|
| 700 |
1 |
|
|a Mittal, Vikas.
|
| 776 |
0 |
8 |
|i Print version:
|z 9781299157231
|
| 830 |
|
0 |
|a Polymer nano-, micro- & macrocomposites.
|
| 856 |
4 |
0 |
|u https://doi.org/10.1002/9783527644346
|z Full Text via HEAL-Link
|
| 994 |
|
|
|a 92
|b DG1
|